000 00800nam a2200253 a 4500
001 000014471
005 20200929163845.0
008 100111s1998 sp a 000 f spa
020 _a8437613590
040 _aDO-SdBNP
_bspa
_cBNPHU
082 _a863.62
_bU54a, 1998
100 1 _aUnamuno, Miguel de,
_d1864-1936
_96254
245 1 0 _aAbel Sánchez :
_buna historia de pasión /
_cMiguel de Unamuno ; edición de Carlos A. Longhurst.
250 _a2a ed.
260 _aMadrid :
_bCátedra,
_c1998.
300 _a207 p. :
_bil. ;
_c18 cm.
490 1 _aLetras hispánicas
_v398
650 4 _aNovela española
_91123
650 4 _aLiteratura española
_ySIGLO XX
_93326
700 1 _aLonghurst, Carlos A.,
_eed.
_932687
830 0 _aLetras hispánicas ;
_v398
_94208
910 _aWM
049 _aBNGR
999 _c14060
_d14060